书目信息 |
| 题名: |
朝鲜通史
|
|
| 作者: | ;朝鲜民主主义人民共和国科学院历史研究所 著 ;吉林省哲学社会科学研究所 译 | |
| 分册: | 下卷 | |
| 出版信息: | 长春 吉林人民出版社 1975 |
|
| 页数: | 403页 | |
| 开本: | 20cm | |
| 丛书名: | ||
| 单 册: | ||
| 中图分类: | K312.0 | |
| 科图分类: | ||
| 主题词: | 通史-朝鲜 | |
| 电子资源: | ||
| ISBN: | ||
| 000 | 00832nam0 2200241 45 | |
| 001 | 0175003326 | |
| 005 | 20061116145509.57 | |
| 010 | @dCNY1.15 | |
| 100 | @a19950927d1975 em y0chiy0121 ea | |
| 101 | 1 | @achi@ckor |
| 102 | @aCN@b220000 | |
| 105 | @ay z 000yy | |
| 200 | 10 | @a朝鲜通史@Achao xian tong shi@h下卷@f朝鲜民主主义人民共和国科学院历史研究所著@g吉林省哲学社会科学研究所译 |
| 210 | @a长春@c吉林人民出版社@d1975 | |
| 215 | @a403页@d20cm | |
| 606 | @a通史-朝鲜 | |
| 607 | @a朝鲜-通史 | |
| 690 | @aK312.0@v3 | |
| 711 | 02 | @a朝鲜民主主义人民共和国科学院历史研究所@Achao xian min zhu zhu yi ren min gong he guo ke xue yuan li shi yan jiu suo@4著 |
| 712 | 02 | @a吉林省哲学社会科学研究所@Aji lin sheng zhe xue she hui ke xue yan jiu suo@4译 |
| 801 | 2 | @aCN@bNLC@c20061116 |
| 801 | 0 | @aCN@bTSSF |
| 905 | @a10447@dK312.0@e2:2 | |
| 朝鲜通史.下卷/朝鲜民主主义人民共和国科学院历史研究所著/吉林省哲学社会科学研究所译.-长春:吉林人民出版社,1975 |
| 403页;20cm |
| ISBN :CNY1.15 |
| ● |
| 相关链接 |
|
|
|
|
正题名:朝鲜通史
索取号:K312.0/2:2
 
预约/预借
| 序号 | 登录号 | 条形码 | 馆藏地/架位号 | 状态 | 备注 |
| 1 | 0218847 | 000358605 | 第二样本阅览室/ [索取号:K312.0/2:2] | 在馆 |